header

The Bedford guide for college writers with reader, research manual, and handbook / (Record no. 255489)

MARC details
000 -LEADER
fixed length control field 01355cam a2200349 a 4500
001 - CONTROL NUMBER
control field 14819543
003 - CONTROL NUMBER IDENTIFIER
control field OSt
005 - DATE AND TIME OF LATEST TRANSACTION
control field 20170214104418.0
008 - FIXED-LENGTH DATA ELEMENTS--GENERAL INFORMATION
fixed length control field 070423s2007 maua 000 0 eng
010 ## - LIBRARY OF CONGRESS CONTROL NUMBER
LC control number 2007927473
020 ## - INTERNATIONAL STANDARD BOOK NUMBER
International Standard Book Number 9780312452780 (pbk. : student ed. : alk. paper)
International Standard Book Number 0312452780 (pbk. : student ed. : alk. paper)
International Standard Book Number 9780312452773 (student ed. : alk. paper)
International Standard Book Number 0312452772 (student ed. : alk. paper)
040 ## - CATALOGING SOURCE
Original cataloging agency DLC
Transcribing agency DLC
Modifying agency DLC
050 00 - LIBRARY OF CONGRESS CALL NUMBER
Classification number PE1408
Item number .K49 2008b
082 00 - DEWEY DECIMAL CLASSIFICATION NUMBER
Classification number 808/.042071
Edition number 22
245 04 - TITLE STATEMENT
Title The Bedford guide for college writers with reader, research manual, and handbook /
Statement of responsibility, etc [edited by] X.J. Kennedy, Dorothy M. Kennedy, Marcia F. Muth.
250 ## - EDITION STATEMENT
Edition statement 8th ed.
260 ## - PUBLICATION, DISTRIBUTION, ETC. (IMPRINT)
Place of publication, distribution, etc Boston, MA :
Name of publisher, distributor, etc Bedford/St. Martins,
Date of publication, distribution, etc 2007.
300 ## - PHYSICAL DESCRIPTION
Extent 1 v. (various pagings) :
Other physical details ill. (some col.) ;
Dimensions 24 cm.
650 #0 - SUBJECT ADDED ENTRY--TOPICAL TERM
Topical term or geographic name as entry element English language
General subdivision Rhetoric
Form subdivision Handbooks, manuals, etc.
Topical term or geographic name as entry element English language
General subdivision Grammar
Form subdivision Handbooks, manuals, etc.
Topical term or geographic name as entry element Report writing
Form subdivision Handbooks, manuals, etc.
Topical term or geographic name as entry element College readers.
700 1# - ADDED ENTRY--PERSONAL NAME
Personal name Kennedy, X. J.
Personal name Kennedy, Dorothy M.
Personal name Muth, Marcia F.
906 ## - LOCAL DATA ELEMENT F, LDF (RLIN)
a 7
b cbc
c orignew
d 2
e epcn
f 20
g y-gencatlg
942 ## - ADDED ENTRY ELEMENTS (KOHA)
Source of classification or shelving scheme Library of Congress Classification
Koha item type Long Loan Books
Holdings
Withdrawn status Lost status Source of classification or shelving scheme Damaged status Not for loan Collection code Home library Current library Shelving location Date acquired Total Checkouts Full call number Barcode Date last seen Price effective from Koha item type
    Library of Congress Classification     Non-fiction Rongo University Library Rongo University Library General Stacks 14/02/2017   PE1408 .K49 2008b 201617022 14/02/2017 14/02/2017 Long Loan Books

© 2026 Rongo University
Contact us: librarian | system librarian | Rongo university